[Event "22nd OIBM 2018"]
[Site "Gmund am Tegernsee"]
[Date "2018.10.31"]
[Round "5"]
[White "Konik, Michael"]
[Black "Zuse, Peter"]
[Result "1-0"]
[WhiteElo "2083"]
[BlackElo "2234"]
[Annotator "TA"]
[PlyCount "87"]
[EventDate "2018.10.27"]
[EventType "swiss"]
[EventCountry "GER"]
[SourceTitle "playchess.com"]
[Source "ChessBase"]
[SourceQuality "1"]

{[%evp 9,87,-14,-20,-31,-6,-29,-6,-49,0,0,38,-22,0,-16,0,-23,-10,-31,-39,-32,20,6,70,-23,-25,-39,62,61,359,251,275,125,395,429,655,585,591,560,544,434,392,259,229,232,503,495,491,487,635,623,630,598,628,614,725,420,581,479,470,481,450,446,570,424,406,385,643,629,775,761,2211,1743,2812,2700,1995,2485,2218,2014,2152,1438]} 1. e4 c5 2. Nc3 d6 3. f4 Nc6 4. Nf3 e6 5. g4 (5. d4 cxd4 6. Nxd4 Nf6 7. Be3 Be7 8. Qf3 e5 9. Nf5 Bxf5 10. exf5 O-O 11. O-O-O Qa5 12. Bc4 Rac8 13. Bb3 exf4 14. Qxf4 Rfe8 15. Kb1 Bd8 16. g4 Qe5 17. Qxe5 Rxe5 18. Bf4 Ra5 19. h3 {½-½ (42) Shabalov,A (2556)-Shankland,S (2666) Saint Louis 2017}) 5... Be7 6. g5 {B23: Closed Sicilian: Lines without g3} Qb6 $146 ({Predecessor:} 6... h6 7. d4 cxd4 8. Nxd4 hxg5 9. Nxc6 bxc6 10. Qd4 Bf6 11. e5 dxe5 12. Qxd8+ Kxd8 13. fxg5 Be7 14. Ne4 Kc7 15. Bd2 {½-½ (15) Evans,H (1586)-White,G (1821) Southend 2015}) 7. d3 Bd7 8. Bd2 {The position is equal.} Nd4 9. Bg2 Bd8 10. Ne2 (10. a4 $14) 10... Ne7 11. Nexd4 cxd4 12. O-O Qxb2 13. Rb1 Qxa2 14. c4 Qa4 ({Better is} 14... dxc3 $1 $15 15. Bxc3 Bb6+ 16. Kh1 Ba4) 15. Qe2 $36 {[%mdl 2048] White has good play.} ({But not} 15. Nxd4 Qxd1 16. Rbxd1 Bb6 $15) 15... Bb6 (15... O-O $11) 16. Kh1 ({White should play} 16. Nh4 $14) 16... Qc6 17. e5 Qc8 ({Black should try} 17... d5 $15) 18. exd6 Nc6 $2 {[%mdl 8192] [#]} (18... Nf5 $14) 19. f5 $1 $18 Bc5 20. Bf4 (20. fxe6 $18 Bxe6 21. Ne5) 20... Nd8 $2 {[%mdl 8192]} (20... O-O $16 {keeps fighting.}) 21. Be5 Rg8 (21... O-O $142 22. f6 (22. Nxd4 exf5 23. Qb2 Bxd4 $14) 22... g6) 22. Nxd4 Bxd4 23. Bxd4 Bc6 24. Bd5 Qd7 25. Kg1 Qxd6 26. fxe6 fxe6 $2 {[#]} (26... Nxe6 {was necessary.} 27. Qe4 a5) 27. Qh5+ Kd7 28. Qxh7 Re8 29. Bxc6+ Qxc6 30. Qxg7+ Re7 31. Qh8 b6 32. Qh3 Kc7 33. Qg3+ Kb7 34. g6 e5 35. Bxe5 Ne6 36. Rf7 Rxf7 37. gxf7 Rf8 $2 (37... Qc5+ 38. d4 Nxd4) 38. Rf1 {White is clearly winning.} Nd8 39. Qg7 Qc5+ 40. d4 Qe7 41. Qg2+ Nc6 42. Rf6 Qd7 43. Qf3 a5 44. Bd6 {Precision: White = 40%, Black = 17%.} 1-0

[Event "22nd OIBM 2018"]
[Site "Gmund am Tegernsee"]
[Date "2018.10.31"]
[Round "5"]
[White "Hoppe, Thilo"]
[Black "Dobrikov, Marco"]
[Result "1/2-1/2"]
[WhiteElo "2079"]
[BlackElo "2231"]
[Annotator "TA"]
[PlyCount "46"]
[EventDate "2018.10.27"]
[EventType "swiss"]
[EventCountry "GER"]
[SourceTitle "playchess.com"]
[Source "ChessBase"]
[SourceQuality "1"]

{[%evp 17,46,40,35,30,32,31,46,41,60,53,53,55,57,51,75,16,6,19,35,20,23,31,34,37,40,17,20,14,43,33,36]} 1. d4 Nf6 2. c4 g6 3. Nc3 d5 4. Nf3 Bg7 5. Qb3 dxc4 6. Qxc4 O-O 7. e4 c6 8. Be2 Nbd7 9. Bf4 {D97: Grünfeld: Russian System: 7 e4, replies other than 7...Bg4} Nb6 {LiveBook: 5 Games} 10. Qb3 Be6 11. Qc2 Bg4 12. Rd1 e6 13. h3 Bxf3 $1 14. Bxf3 Qe7 15. O-O Nfd7 $146 16. Rfe1 (16. e5 $16) 16... e5 $11 17. dxe5 Nxe5 18. Be2 $36 {[%mdl 2048] Black is under pressure.} Rfd8 19. Qb3 Qe6 20. Qxe6 fxe6 21. Rxd8+ Rxd8 22. Rd1 Rf8 23. Bc1 Nf7 {Precision: White = 62%, Black = 56%.} 1/2-1/2

[Event "22nd OIBM 2018"]
[Site "Gmund am Tegernsee"]
[Date "2018.10.31"]
[Round "5"]
[White "Jimenez De La Torre, Jose A."]
[Black "Moeldner, Juergen"]
[Result "0-1"]
[WhiteElo "2076"]
[BlackElo "2209"]
[Annotator "TA"]
[PlyCount "52"]
[EventDate "2018.10.27"]
[EventType "swiss"]
[EventCountry "GER"]
[SourceTitle "playchess.com"]
[Source "ChessBase"]
[SourceQuality "1"]

{[%evp 22,52,19,-21,-14,-22,-20,-40,-43,-39,-47,-38,-37,-57,-58,-63,-29,-61,-47,-66,-60,-77,-64,-77,-54,-67,-74,-95,-83,-638,-634,-634,-622]} 1. e4 e6 2. d4 d5 3. e5 c5 4. c3 Nc6 5. Nf3 Bd7 6. Be2 Nge7 {[%cal Bg8e7,Be7f5,Bf5h4,Bh4g6,Bg6f4,Bf4e2][%mdl 32]} 7. a3 Nf5 8. b4 cxd4 9. cxd4 Qb6 10. Bb2 Be7 11. O-O Rc8 12. g4 {LiveBook: 3 Games. C02: French: Advance Variation} (12. Kh1 h5 13. Nc3 Na5 14. Na4 Qc6 15. Nc5 Nc4 16. Bc1 b6 17. Nxd7 Kxd7 18. Bd3 Kc7 19. g3 Kb7 {0-1 (57) Areshchenko,A (2684)-Vidit,S (2602) Abu Dhabi 2014}) 12... Nh4 13. Nbd2 Ng6 14. Nb3 {The position is equal.} Nf4 15. Bc1 $146 ({Predecessor:} 15. Rc1 O-O 16. Qd2 Nxe2+ 17. Qxe2 a6 18. Ne1 Na7 19. Nd3 Bb5 {1-0 (32) Woellenstein,S (1786)-Werner,R (1564) Vellmar 2018}) 15... Nxe2+ 16. Qxe2 Nb8 {Hoping for ...Bb5.} 17. Qb2 Bb5 18. Re1 Qd8 19. Bf4 b6 $36 {[%mdl 2048] Black is more active.} 20. Rac1 Nc6 21. Rc3 O-O 22. Nbd2 Qd7 23. Rec1 a6 24. Qc2 Na7 25. Rc7 $2 {[%mdl 8192] [#]} (25. Ng5 $17 g6 26. Qb2) 25... Rxc7 $19 26. Qxc7 Rc8 {Precision: White = 13%, Black = 76%.} 0-1

[Event "22nd OIBM 2018"]
[Site "Gmund am Tegernsee"]
[Date "2018.10.31"]
[Round "5"]
[White "Kugelmann, Werner"]
[Black "Pieper, Thomas"]
[Result "0-1"]
[WhiteElo "2072"]
[BlackElo "2213"]
[Annotator "TA"]
[PlyCount "50"]
[EventDate "2018.10.27"]
[EventType "swiss"]
[EventCountry "GER"]
[SourceTitle "playchess.com"]
[Source "ChessBase"]
[SourceQuality "1"]

{[%evp 9,50,-18,-19,-20,-8,-8,-14,-26,-37,-31,-16,-37,-17,-40,-35,-59,-58,-49,-12,-14,-14,-63,-44,-97,-101,-129,-45,-42,-41,-51,-45,-53,-43,-54,-50,-268,-278,-281,-298,-278,-299,-455,-448]} 1. d4 d5 2. Nc3 Nf6 3. Bg5 g6 4. Bxf6 exf6 5. e3 c6 6. Bd3 {D01: Veresov Opening} Qb6 (6... Be6 7. Nge2 Bd6 8. e4 dxe4 9. Nxe4 Be7 10. Qd2 f5 11. Nc5 Bxc5 12. dxc5 Nd7 13. O-O O-O {1-0 (63) Manolache,M (2497)-Cori Tello,D (2413) Gijon 2017}) 7. a3 f5 $146 ({Predecessor:} 7... Bg7 8. Nge2 O-O 9. O-O Re8 10. Qd2 Nd7 11. b4 f5 12. Rfb1 Nf6 13. g3 Bh6 {½-½ (23) Valdeblanquez,J (2107)-Bustamante,R (1861) Medellin 2014}) 8. Nge2 {The position is equal.} Nd7 {[%cal Bb8d7,Bd7f6,Bf6g4][%mdl 32]} 9. O-O Bh6 10. Na4 Qc7 11. Nc5 Nf6 12. c4 b6 13. Nb3 Be6 14. Rc1 O-O 15. cxd5 Bxd5 $40 {[%mdl 128] Black attacks.} 16. Nd2 (16. h3 $15) 16... Ng4 {[%csl Gg4][%cal Rc7h2]} 17. Ng3 {[#]} Bxe3 (17... Nxf2 $1 $17 {[%mdl 512]} 18. Kxf2 (18. Rxf2 Bxe3) 18... f4) 18. fxe3 $15 Nxe3 19. Qe2 Rfe8 {Strongly threatening ...Ng4.} 20. Qf2 Nxf1 21. Qxf1 Qe7 22. Nc4 $2 {[#]} ({White should play} 22. Qf4 $15) 22... Bxc4 $1 $19 23. Bxc4 Qe3+ 24. Kh1 Rad8 ({Don't do} 24... Qxd4 25. b3 $19) 25. Ba2 (25. a4 {is the only way for White.} Rxd4 26. Qg1) 25... Rxd4 {Precision: White = 30%, Black = 56%.} 0-1

[Event "22nd OIBM 2018"]
[Site "Gmund am Tegernsee"]
[Date "2018.10.31"]
[Round "5"]
[White "Demir, Bilal"]
[Black "Sahin, Ozgun"]
[Result "1/2-1/2"]
[WhiteElo "2069"]
[BlackElo "2208"]
[Annotator "TA"]
[PlyCount "103"]
[EventDate "2018.10.27"]
[EventType "swiss"]
[EventCountry "GER"]
[SourceTitle "playchess.com"]
[Source "ChessBase"]
[SourceQuality "1"]

{[%evp 17,103,12,35,19,18,14,29,19,22,-10,-8,-16,-12,-17,-14,-18,-16,-16,-3,-11,-14,-35,0,-24,-6,-30,-29,-37,-34,-36,-35,-43,-45,-58,-44,-43,-50,-105,-87,-145,-49,-38,-19,-27,-31,-41,-32,-35,0,-25,0,0,41,0,0,0,0,0,0,0,0,0,28,0,45,0,0,0,0,0,17,0,13,55,662,646,567,47,545,0,0,0,0,0,0,0,0,0]} 1. d4 d5 2. Bf4 c5 3. e3 cxd4 4. exd4 Nc6 5. c3 Nf6 6. Nf3 Bg4 7. Nbd2 e6 {B13: Caro-Kann: Exchange Variation and Panov-Botvinnik Attack} 8. Qb3 Qc8 (8... Bd6 9. Bg3 Qc7 10. Bd3 O-O 11. O-O Bxg3 12. hxg3 Bf5 13. Bxf5 exf5 14. Rfe1 Rfe8 15. Rxe8+ Rxe8 {1-0 (26) Esipenko,A (2609)-Paravyan,D (2629) Sochi 2018}) 9. h3 Bh5 {LiveBook: 8 Games} 10. Be2 Be7 11. O-O O-O 12. Rfe1 a6 13. Ne5 (13. Bd3 {looks sharper.} Bg6 14. Bxg6 hxg6 15. a4 Re8 16. h4) 13... Bxe2 14. Rxe2 Nxe5 $146 ({Predecessor:} 14... b5 15. Rae1 b4 16. Nxc6 Qxc6 17. cxb4 {½-½ (67) Daut,M (1554)-Galbraith,M (1840) Erlangen 2002}) 15. Bxe5 Nd7 16. Bg3 b5 17. Nf3 Nb6 18. Ne5 Qb7 19. f4 Bd6 20. Bh2 Qc7 21. Qc2 Rac8 22. Qd2 a5 23. a3 Nc4 24. Qe1 {[#]} b4 $1 {[%mdl 512]} 25. axb4 axb4 26. cxb4 Qb6 27. Qd1 (27. Qf2 $15) 27... Qxb4 $17 28. b3 (28. Qa4 $142) 28... Nxe5 ({Black should try} 28... Na3 $17 {Hoping for ...Nc2!} 29. f5 Nb5) 29. fxe5 $15 Bc7 30. Bg3 Bb6 31. Ra4 Qb5 32. Be1 Qc6 33. Kh2 Ra8 34. Rc2 Qd7 35. Rca2 (35. Bb4 $5 {[%cal Rb4f8]}) 35... Rxa4 36. bxa4 Qa7 37. Bc3 f6 38. Qg4 f5 39. Qd1 Rc8 40. Ra3 Rc4 {[%cal Rb6d4]} 41. Qh5 {[%cal Rh5e8]} (41. a5 {with more complications.} Bd8 42. Qb1 Rc6 43. a6 Rb6 44. Qd3) 41... Rc8 42. Qh4 Bd8 43. Qe1 Bb6 44. Qh4 Rc4 45. a5 Bxd4 $2 {[%mdl 8192]} (45... Rc8 $14) 46. Bxd4 $18 Rxd4 $14 {[%mdl 4096] Endgame KQR-KQR} 47. Qd8+ Kf7 {[#]} 48. Rg3 $2 (48. Rb3 $1 $18) 48... Rd1 $36 {[%csl Gd1][%cal Ra7g1][%mdl 2048] [#]The position is equal. Black is more active.} 49. Rxg7+ $3 {[%mdl 512]} Kxg7 50. Qf6+ Kg8 51. Qd8+ Kf7 {( -> ...Qg1+)} 52. Qf6+ {Precision: White = 44%, Black = 46%.} 1/2-1/2

[Event "22nd OIBM 2018"]
[Site "Gmund am Tegernsee"]
[Date "2018.10.31"]
[Round "5"]
[White "Schmidt, Gerhard"]
[Black "Smits, Mark"]
[Result "1-0"]
[WhiteElo "2068"]
[BlackElo "2203"]
[Annotator "TA"]
[PlyCount "79"]
[EventDate "2018.10.27"]
[EventType "swiss"]
[EventCountry "GER"]
[SourceTitle "playchess.com"]
[Source "ChessBase"]
[SourceQuality "1"]

{[%evp 16,79,45,41,58,40,67,58,58,71,64,44,46,27,35,35,15,-45,217,252,252,253,245,146,297,285,298,250,418,377,433,141,263,238,318,325,315,300,316,246,216,32,31,31,73,86,269,280,391,335,382,91,152,174,1218,1211,1168,1105,1196,1158,1915,1734,1802,1789,1510,1356]} 1. Nf3 Nf6 2. c4 g6 3. g3 Bg7 4. Bg2 O-O 5. d4 d6 6. O-O c6 7. Nc3 Qa5 8. h3 Be6 9. Nd2 {LiveBook: 139 Partien} Rd8 {E62: Königsindisch (6...Sc6)} (9... d5 10. Nb3 Qd8 11. cxd5 cxd5 12. Nc5 Bc8 13. Bg5 Nc6 14. e3 e6 15. Rc1 h6 16. Bxf6 Bxf6 17. f4 b6 18. Nd3 {1-0 (65) Bernadskiy,V (2550)-Vovk,Y (2591) Warsaw 2014}) 10. d5 $146 ({Vorgänger:} 10. e4 Qb6 11. d5 Bc8 12. Nf3 Na6 13. Qe2 Nc5 14. Be3 Nfd7 15. Rab1 Qc7 16. Bd4 a5 17. Bxg7 Kxg7 {½-½ (51) Solaesa Navalpotro,L (2215)-Moreno Ibanez,M (2286) Madrid 2017}) 10... cxd5 11. Nb3 Qa6 {Weiß steht etwas besser.} 12. cxd5 Bd7 13. Be3 Ba4 14. Qd4 Be8 15. a4 Nbd7 16. Nb5 (16. Nd2 $11) 16... Nb6 $2 {[%mdl 8192]} (16... Rdc8 $1 $15 {behält die Oberhand.}) 17. Nc7 $1 $18 {[%csl LRa6,LRa8]} Qxe2 {Droht ...Sfxd5 und aus.} 18. Nxa8 Rxa8 19. Qb4 (19. a5 $1 $18 {[%cal Ra5b6]} Nbd7 20. Qb4) 19... Nbd7 $2 (19... Qc4 $16 20. Qxc4 Nxc4) 20. Rfe1 Qxb2 21. Rab1 (21. Qxb7 Rb8 $17) 21... Qe5 $2 (21... Qa2 22. Ra1 Qc2) 22. Bf4 Qh5 23. Nd4 $2 (23. g4 $18 Nxg4 24. hxg4 Qxg4 25. Bxd6 Qxb4 26. Bxb4) 23... g5 (23... Nc5 $16 {ist eine bessere Verteidigung.}) 24. g4 $1 {[%cal Rg4h5]} (24. Rxe7 gxf4 25. g4 Qg6 $11) 24... Qg6 25. Nf5 ({Schwächer ist} 25. Qxb7 Rb8 $16) ({Minderwertig wäre} 25. Rxe7 gxf4 26. Qxb7 Rd8 $11) 25... Bf8 26. Bg3 Nc5 27. Rxe7 Bd7 28. Rxd7 $2 (28. Bxd6 $18 b6 29. Rxd7 (29. Bxc5 bxc5 30. Qb7 Bxf5 $16) 29... Nfxd7 30. Be7 (30. Bxf8 Kxf8 31. Re1 Rd8 $18)) 28... Nfxd7 $14 29. a5 $36 {[%mdl 2048] Weiss hat Druck.} Re8 30. Re1 Ne5 $2 {[#]} (30... Rxe1+ $16 31. Qxe1 h6) 31. Bxe5 $1 $18 dxe5 32. Qb5 Rd8 {[#]} 33. Rxe5 $2 (33. d6 $1 $18 {und der Rest ist Schweigen.} Bxd6 34. Rd1) 33... Qf6 (33... Qa6 $142 34. Qxa6 bxa6) 34. Re8 $16 a6 $2 {[#]} (34... Rxe8 35. Qxe8 h5) 35. Rxf8+ $1 $18 {[%mdl 512] Weiß steht klar auf Gewinn.} Rxf8 36. Qxc5 Qa1+ 37. Bf1 Re8 38. Ne7+ Kh8 39. d6 Qf6 40. Nf5 {Precision: Weiß = 48%, Schwarz = 26%.} 1-0

[Event "22nd OIBM 2018"]
[Site "Gmund am Tegernsee"]
[Date "2018.10.31"]
[Round "5"]
[White "Bohnhoff, Peter"]
[Black "Cordes, Hans-Joerg"]
[Result "1-0"]
[WhiteElo "2065"]
[BlackElo "2202"]
[Annotator "TA"]
[PlyCount "35"]
[EventDate "2018.10.27"]
[EventType "swiss"]
[EventCountry "GER"]
[SourceTitle "playchess.com"]
[Source "ChessBase"]
[SourceQuality "1"]

{[%evp 21,35,-4,-4,-18,8,0,0,0,0,0,0,0,0,0,560,549]} 1. d4 Nf6 2. Nf3 e6 3. e3 b6 4. Bd3 Bb7 5. O-O d5 6. b3 Bd6 7. Bb2 O-O 8. Ne5 c5 9. Nd2 Nc6 {D05: Colle System with ...e6} 10. a3 Rc8 (10... Ne7 11. dxc5 bxc5 12. c4 Ng6 13. Nxg6 hxg6 14. cxd5 exd5 {½-½ (40) Nakamura,H (2763)-Le,Q (2715) chess.com INT 2018}) 11. f4 Ne7 {LiveBook: 51 Games. The position is equal.} 12. Ng4 Ne4 13. dxc5 $1 Bxc5 ({Wrong is} 13... Nxc5 $2 14. Nf6+ $1 {[%mdl 512]} gxf6 15. Bxf6 $18) 14. b4 Bd6 15. Bxe4 $146 ({Predecessor:} 15. Nf3 Nf5 16. Qe1 Qe7 17. Nd4 Nxd4 18. Bxd4 f6 19. Qh4 Rf7 20. Qh5 f5 21. Ne5 Rf6 22. Qh4 Qe8 23. Qe1 {½-½ (23) Cherednichenko,E (2174)-Bartos,J (2194) Brno 2014}) 15... dxe4 16. Nxe4 Bxe4 17. Qd4 {[%csl Gb2][%cal Rd4g7]} Nf5 $2 {[%mdl 8192] [#]} (17... e5 $1 $11 18. fxe5 {[#]} Bxb4 $1 {[%mdl 512]} 19. axb4 (19. Qxe4 Bc3 $15) 19... Qxd4 20. exd4 Rxc2) 18. Nh6+ $1 {[%mdl 512]} 1-0

[Event "22nd OIBM 2018"]
[Site "Gmund am Tegernsee"]
[Date "2018.10.31"]
[Round "5"]
[White "Stein, Marco"]
[Black "Nagel, Bernhard"]
[Result "0-1"]
[WhiteElo "2064"]
[BlackElo "2191"]
[Annotator "TA"]
[PlyCount "68"]
[EventDate "2018.10.27"]
[EventType "swiss"]
[EventCountry "GER"]
[SourceTitle "playchess.com"]
[Source "ChessBase"]
[SourceQuality "1"]

{[%evp 17,68,7,0,-18,-16,-76,-18,-47,-13,-14,-9,-131,-122,-126,-123,-123,-123,-127,-77,-152,-154,-160,-140,-181,-155,-153,-164,-177,-146,-182,-172,-206,-214,-389,-375,-504,-502,-504,-500,-478,-480,-522,-481,-515,-510,-483,-469,-1017,-960,-1304,-1268,-1248,-1204]} 1. d4 Nf6 2. c4 e6 3. g3 d5 4. Bg2 dxc4 5. Nf3 Bb4+ 6. Bd2 a5 7. O-O O-O {E04: Open Catalan: 5 Nf3} 8. Qc2 (8. Bg5 h6 9. Bxf6 Qxf6 10. a3 Bd6 11. Nc3 Nc6 12. Rc1 e5 13. d5 Nd4 14. Nxd4 exd4 15. Ne4 {0-1 (66) Ding,L (2777)-Wang,H (2709) Huaian 2017}) 8... Bxd2 9. Nbxd2 b5 $1 {LiveBook: 46 Games. The position is equal.} 10. Ng5 c6 $146 ({Predecessor:} 10... Ra7 11. e3 Na6 12. Nde4 Nxe4 13. Nxe4 Bb7 14. a4 f5 15. Nc3 Bxg2 16. Kxg2 {0-1 (28) Jayakumar,A (2280)-Stany,G (2454) New Delhi 2013}) 11. Rad1 (11. e3 $11) 11... Ra6 (11... h6 $17 12. Nge4 Qxd4) 12. Nde4 {Nxf6+ would kill now.} Nxe4 (12... Nbd7 {with more complications.} 13. b3 cxb3 14. Nxf6+ Nxf6 15. axb3 Bb7) 13. Nxe4 Nd7 14. Nc5 (14. b3 $11 {remains equal.}) 14... Nxc5 $17 15. dxc5 Qg5 16. b3 Qxc5 17. bxc4 e5 ({Resist} 17... Qxc4 18. Qxc4 bxc4 19. Rc1 $15) 18. Rc1 {[#]} ({White should try} 18. Be4) 18... b4 $1 19. Rfd1 Be6 20. Qd3 g6 21. h4 a4 {[%cal Ba5a4,Ba4b3,Bb3b2][%mdl 32]} 22. h5 e4 ({But not} 22... gxh5 23. Qf3 $17) 23. Bxe4 {[%cal Rh5g6]} Qxh5 24. Qd2 Qe5 25. Qc2 $2 {[#]} (25. Bd3 {is a better defense.}) 25... b3 $1 $19 {[%mdl 512]} 26. axb3 axb3 {Black is clearly winning.} 27. Qd3 b2 28. Rb1 Ra4 29. Qd4 Qxd4 30. Rxd4 c5 {[%cal Bc6c5,Bc5c4][%mdl 32]} 31. Rd2 Rxc4 32. Bd3 (32. Bxg6 $142 hxg6 33. Rdxb2) 32... Rc1+ 33. Rd1 Rxd1+ 34. Rxd1 c4 {Precision: White = 23%, Black = 67%.} 0-1

[Event "22nd OIBM 2018"]
[Site "Gmund am Tegernsee"]
[Date "2018.10.31"]
[Round "5"]
[White "Grohde, Wolfgang"]
[Black "Lederle, Vitus"]
[Result "1/2-1/2"]
[WhiteElo "2060"]
[BlackElo "2190"]
[Annotator "TA"]
[PlyCount "146"]
[EventDate "2018.10.27"]
[EventType "swiss"]
[EventCountry "GER"]
[SourceTitle "playchess.com"]
[Source "ChessBase"]
[SourceQuality "1"]

{[%evp 16,146,4,-10,29,31,31,18,15,0,1,0,10,9,17,8,12,-9,8,-26,14,-35,0,-22,-20,-49,-24,-29,0,-6,-6,-6,12,0,2,0,18,8,20,0,14,-8,0,0,0,-58,-65,-61,-59,-108,-58,-60,-49,-58,-61,-80,-72,-92,-66,-65,-66,-52,0,-48,-33,-70,0,0,0,0,0,0,81,0,0,-6,-10,-7,0,-3,0,0,0,-3,0,0,0,0,0,0,0,0,0,0,0,0,0,0,0,-8,0,0,0,0,0,0,0,0,0,0,0,0,0,-19,-3,-11,0,0,0,0,0,0,0,0,0,0,0,0,0,0,0,0,0]} 1. d4 e6 2. Nf3 Nf6 3. Bg5 d5 4. e3 Be7 5. Bd3 b6 6. c3 O-O 7. Ne5 Bb7 8. O-O Nbd7 9. Nd2 Ne4 {D03: 1 d4 d5 2 Nf3 Nf6 3 Bg5, including Torre Attack with early ...d5} (9... Nxe5 {looks sharper.} 10. dxe5 Ne4 11. Bxe7 Qxe7 12. f4 a5) 10. Bxe7 Qxe7 11. Nxd7 (11. f4 Nxd2 12. Qxd2 Nf6 13. Qe1 Ne4 14. Rf3 f6 15. Ng4 h5 16. Nf2 g5 17. Rh3 h4 18. Bxe4 dxe4 19. Qe2 {1-0 (55) Matuszewski,M (2410)-Lewtak,D (2254) Krakow 2013}) 11... Qxd7 12. Qc2 {[%cal Rd2e4]} Nxd2 13. Qxd2 Rfe8 $146 ({Predecessor:} 13... Rae8 14. f4 f5 15. Rf3 Rf6 16. Rh3 Rg6 17. Qe2 Rf8 18. Rf1 Bc6 19. Rff3 Rff6 20. Kh1 {½-½ (20) Ydo,P (2138)-Jacobs,J (1920) Goch 2001}) 14. f4 g6 15. Qf2 a5 16. Qe2 c5 17. Rac1 Rec8 18. Rfd1 Rc7 19. Bb1 Qe7 20. e4 dxe4 21. Bxe4 Ba6 22. Qe3 Rd8 23. dxc5 Rxc5 24. Bf3 Rdc8 25. Rd4 Bb5 26. Rcd1 Be8 27. Rd6 b5 28. Qd4 Rc4 29. Qb6 a4 30. Rd8 (30. Be2 $11 Rxf4 31. a3) 30... a3 $36 {[%mdl 2048] Black has good play.} 31. bxa3 Rxc3 32. Qd6 Qxd6 (32... Qa7+ {is interesting.} 33. Qd4 Qxa3 34. h4 Rxd8 35. Qxd8 Kf8) 33. R1xd6 Rxd8 34. Rxd8 $17 {[%mdl 4096] Endgame KRB-KRB} Kf8 35. Rb8 Ke7 36. Ra8 Rc1+ 37. Kf2 Rc2+ 38. Ke3 Bd7 ({Better is} 38... Rxa2 $15 39. Ra7+ Kd6) 39. Kd3 Rxa2 40. Kc3 Ra1 (40... h6 $15) 41. Kb2 $11 Rh1 42. h3 {[#]} e5 $1 {[%mdl 512]} 43. fxe5 Be6 {[#]} (43... h5 $11) 44. Ra7+ (44. Bc6 $1 $16 {[%csl Gc6][%cal Ra8e8]} f5 45. Ra7+ (45. Bxb5 Bd5 $11) 45... Kf8 46. Bxb5 (46. Rxh7 Re1 $16)) 44... Kd8 {The position is equal.} 45. a4 bxa4 46. Rxa4 Rf1 47. Be4 Bf5 48. Bd5 Be6 49. Be4 Kc7 50. Kc3 Rd1 51. Rb4 Ra1 52. Kd4 Ra3 53. Rb7+ Kc8 {And now ...Ra4+ would win.} 54. Rb5 Kd8 55. Rc5 Ke7 56. Rc7+ Kf8 57. Rc3 Ra5 58. Rc5 Ra4+ 59. Ke3 Kg7 60. h4 Ra1 61. g3 Re1+ 62. Kf4 h6 63. Bg2 Rg1 64. Kf3 Rd1 65. Ke3 Bf5 66. Bf3 Rd7 67. Kf2 g5 68. hxg5 hxg5 69. Bd5 Ra7 70. Rb5 Bd3 71. Rb7 Rxb7 72. Bxb7 Kg6 73. Ke3 Bc4 {Precision: White = 51%, Black = 41%.} 1/2-1/2

[Event "22nd OIBM 2018"]
[Site "Gmund am Tegernsee"]
[Date "2018.10.31"]
[Round "5"]
[White "Oparaugo, Thomas"]
[Black "Kraich, Klaus"]
[Result "0-1"]
[WhiteElo "2052"]
[BlackElo "2180"]
[Annotator "TA"]
[PlyCount "61"]
[EventDate "2018.10.27"]
[EventType "swiss"]
[EventCountry "GER"]
[SourceTitle "playchess.com"]
[Source "ChessBase"]
[SourceQuality "1"]

{[%evp 21,61,-41,-17,-68,-85,-80,-93,-162,-48,-134,-16,-86,-48,-248,-217,-227,-220,-291,-262,-331,-296,-220,-175,-320,-239,-371,-323,-314,-284,-419,-379,-551,-392,-938,-929,-928,-914,-1075,-1049,-1196,-1195,-1518]} 1. e4 c5 2. Nf3 e6 3. d4 cxd4 4. Nxd4 a6 5. Nc3 Qc7 6. Bd3 Nf6 7. O-O d6 8. Kh1 Nbd7 9. f4 b5 10. a3 Bb7 11. Qf3 Be7 {LiveBook: 15 Games} 12. g4 $146 {B82: Sicilian Scheveningen: 6 f4} ({Better is} 12. Bd2 $11) ({Predecessor:} 12. Qg3 g6 13. Bd2 e5 14. Nde2 Nc5 15. fxe5 dxe5 16. Bh6 O-O-O 17. Bg7 Qd6 18. Qf3 Ncd7 19. Bxh8 Rxh8 {1-0 (37) Movsesian,S (2672)-Vachier Lagrave,M (2762) Dubai 2014}) 12... h6 $1 $15 13. Bd2 g5 14. f5 {[#]} (14. Nb3 $17 {is a better defense.}) 14... Ne5 (14... e5 $1 $19 {[%cal Re5d4]} 15. Nb3 h5 16. gxh5 Rxh5) 15. Qg2 (15. Qg3 $1 $15) 15... Kd7 ({Black should try} 15... O-O-O $17 16. fxe6 d5 17. exd5 Rxd5 18. Nxd5 Bxd5) 16. Be2 {[#]} (16. Rad1 $11 {keeps the balance.}) 16... Nc4 $1 $36 {[%cal Rc4d2][%mdl 2048] Black fights for an advantage.} 17. Bf3 $2 (17. Bc1 $1 $15) 17... e5 $19 ({Stronger than} 17... Nxb2 18. e5 $11) 18. Nb3 Nxb2 19. Nd5 Bxd5 $1 ({And not} 19... Qxc2 20. Nb6+ Ke8 21. Rfc1 $16) 20. Ba5 Qa7 21. exd5 Rac8 {Hoping for ...h5.} 22. Bb4 (22. h3 {might work better.}) 22... Bd8 23. Ba5 (23. Be2 $142) 23... Bb6 24. Rfe1 Rc7 25. Qe2 (25. Re2 $142) 25... Rhc8 26. c3 (26. Rac1 $142) 26... Na4 27. Nd4 $2 (27. Bb4 Nxc3 28. Qg2) 27... Bxa5 {Black is clearly winning.} 28. Nc6 Qb6 29. Nxe5+ dxe5 30. d6 Rc5 31. Qd1 {Precision: White =  1%, Black = 57%.} 0-1